Online Catalogue and eLibrary

Sinhala samaja sanvidanaya : (Record no. 5285)

MARC details
000 -LEADER
fixed length control field 00486nam a2200169Ia 4500
005 - DATE AND TIME OF LATEST TRANSACTION
control field 20250704020804.0
008 - FIXED-LENGTH DATA ELEMENTS--GENERAL INFORMATION
fixed length control field 240331s9999 xx 000 0 und d
020 ## - INTERNATIONAL STANDARD BOOK NUMBER
ISBN 9559170376
082 ## - DDC Classification
Item Number - Author Mark PIE
Class No. 954
100 ## - MAIN ENTRY--PERSONAL NAME
Personal name Pieris,R
245 #0 - TITLE STATEMENT
Title Sinhala samaja sanvidanaya :
Remainder of title mahanuwara yugaya
250 ## - EDITION STATEMENT
Edition statement 2nd
260 ## - PUBLICATION, DISTRIBUTION, ETC.
Place of publication, distribution, etc. Boralesgamuwa
Name of publisher, distributor, etc. C/S (Private) Visidunu Publishers
Date of publication, distribution, etc. 2001
300 ## - PHYSICAL DESCRIPTION
Extent (e.g. Volumes, Pages etc.) 385 p .,
500 ## - GENERAL NOTE
General note Translation of Sinhala Social Organization by K.A.D.Perera
942 ## - Koha item type (Biblio)
Koha item type Books in Stacks (Lending)
Holdings
Lost status Damaged status Collection code Home library Current library Shelving location Date acquired Full call number Accession Number Item type
    Lending WERC Library WERC Library Social Science Cupboard 03/31/2024 954.93 PIE 4376 Books in Stacks (Lending)

© WERC Library